Central Library OPAC University of Rajshahi

Managerial finance / (Record no. 15947)

MARC details
000 -LEADER
fixed length control field 00723nam a22002532a 4500
001 - CONTROL NUMBER
control field 15947
003 - CONTROL NUMBER IDENTIFIER
rucl marc code BD-RjUL
005 - DATE AND TIME OF LATEST TRANSACTION
control field 20211208235923.0
008 - FIXED-LENGTH DATA ELEMENTS--GENERAL INFORMATION
fixed length control field 140211s1969 nyua 001 0 eng u
035 ## - SYSTEM CONTROL NUMBER
System control number (BD-RjUL)16002
040 ## - CATALOGING SOURCE
Original cataloging agency CSU
Modifying agency OCL
-- UKM
-- EQO
Language of cataloging eng
Transcribing agency BD-RjUL
041 ## - LANGUAGE CODE
Language code of text/sound track or separate title eng
082 ## - DEWEY DECIMAL CLASSIFICATION NUMBER
Classification number 658.15
Edition number 18
Author mark and year FLM 1969
090 ## - LOCALLY ASSIGNED LC-TYPE CALL NUMBER (OCLC); LOCAL CALL NUMBER (OCLC)
Classification number (OCLC) (R) ; Classification number, CALL (RLIN) (NR) HG4026
Local cutter number (OCLC) ; Book number/undivided call number, CALL (RLIN) .F55
100 1# - MAIN ENTRY--PERSONAL NAME
Personal name Flink, Salomon J.,
Dates associated with a name 1906-
9 (RLIN) 49414
245 10 - TITLE STATEMENT
Title Managerial finance /
Statement of responsibility, etc. by Salomon J. Flink .
260 ## - PUBLICATION, DISTRIBUTION, ETC. (IMPRINT)
Place of publication, distribution, etc. New York :
Name of publisher, distributor, etc. Wiley,
Date of publication, distribution, etc. 1969
300 ## - PHYSICAL DESCRIPTION
Pagination xiv, 639 p. :
Illustrations illus. ;
Size 23 cm
650 #0 - SUBJECT ADDED ENTRY--TOPICAL TERM
Topical term or geographic name as entry element Corporations
General subdivision Finance
9 (RLIN) 49415
Topical term or geographic name as entry element Small business
General subdivision Finance
9 (RLIN) 46249
700 1# - ADDED ENTRY--PERSONAL NAME
Personal name Grunewald, Donald.
942 ## - ADDED ENTRY ELEMENTS (KOHA)
Source of classification or shelving scheme Dewey Decimal Classification
Koha item type Books
Holdings
Lost status Source of classification or shelving scheme Damaged status Not for loan Collection code Permanent Location Current Location Shelving location Date acquired Source of acquisition Cost, normal purchase price Total Checkouts Full call number Date last seen Copy number Koha item type
  Dewey Decimal Classification     Non-fiction Central Library, University of Rajshahi Central Library, University of Rajshahi   10/07/1982 Heffers 12.40   658.15 FLM 1969 11/02/2014 C-3 Books
  Dewey Decimal Classification     Non-fiction Central Library, University of Rajshahi Central Library, University of Rajshahi   06/10/1982 Heffer 12.40   658.15 FLM 1969 07/11/2016 C-2 Books
  Dewey Decimal Classification   Not For Loan Non-fiction Central Library, University of Rajshahi Central Library, University of Rajshahi Reading Room 08/03/1974 canada     658.15 FLM 1969 23/05/2019 C-1 Books
  Dewey Decimal Classification     Non-fiction Central Library, University of Rajshahi Central Library, University of Rajshahi   07/10/1982 Heffers 12.40   658.15 FLM 1969 23/05/2019 C-4 Books